000 00497nam a2200193Ia 4500
003 GCL
008 140319s9999 xx 000 0 eng d
040 _aGCL /
_cGCL
082 0 4 _a925.1
_bH I
100 1 _aHALL, A. J.
245 1 0 _aISAAC NEWTON: ADVENTUERS IN THOUGHT /
_cHALL, A. J.
260 _a[S.N] :
_bCAMBRIDGE UNIVERSITY PRESS ،
_c1996
300 _a468 P
650 0 4 _aNEWTON, ISAAC
650 0 4 _aMATHEMATICS
650 0 4 _aBIOGRAPHIES
650 0 4 _aSCIENTISTS
942 _2ddc
_cBK
999 _c14010
_d14010